000
00287nam a22001217a 4500
020
_a
978-93-84007-71-3
040
_a
dlc
_c
dlc
_d
dlc
_e
dlc
082
_2
624.182
_b
GOR
245
_a
Steel Designer's Handbook by Gorec
250
_a
8th
260
_a
India
_b
MEDTECH
_c
2016
942
_2
ddc
_c
BK
999
_c
613647
_d
613647